Statistiques concernant Capitales des préfectures du Japon

Cliquez ici pour prendre le quiz!

Statistiques générales

  • Ce quiz a été pris 71 fois
  • Le résultat moyen est 32 sur 47

Statistiques - réponses

PréfecturesCapitales% Correct
HiroshimaHiroshima
98%
FukuokaFukuoka
96%
KyotoKyoto
96%
NagasakiNagasaki
96%
OsakaOsaka
96%
ChibaChiba
91%
SaitamaSaitama
91%
HokkaidoSapporo
91%
NaraNara
89%
AkitaAkita
87%
AomoriAomori
87%
FukushimaFukushima
87%
GifuGifu
87%
NiigataNiigata
87%
NaganoNagano
84%
FukuiFukui
82%
OitaOita
82%
OkayamaOkayama
82%
SagaSaga
82%
ShizuokaShizuoka
82%
TokushimaTokushima
82%
KumamotoKumamoto
80%
ToyamaToyama
80%
YamaguchiYamaguchi
80%
KagoshimaKagoshima
78%
KochiKochi
78%
YamagataYamagata
78%
TottoriTottori
76%
WakayamaWakayama
76%
HyogoKobe
71%
KanagawaYokohama
71%
MiyazakiMiyazaki
67%
MiyagiSendai
62%
AichiNagoya
58%
OkinawaNaha
56%
TochigiUtsunomiya
38%
IshikawaKanazawa
36%
IbarakiMito
33%
MieTsu
33%
TokyoShinjuku
31%
GunmaMaebashi
29%
EhimeMatsuyama
29%
IwateMorioka
29%
ShigaOtsu
24%
ShimaneMatsue
22%
KagawaTakamatsu
22%
YamanashiKofu
20%

Distribution des résultats

Percentile par nombre de réponses

% des personnes avec chaque résultat

Votre développement - résultats

Vous n’avez pas pris ce quiz